| 000 | 01164nam a2200289 a 4500 | ||
|---|---|---|---|
| 003 | AR-BaBNM | ||
| 005 | 20251128203051.0 | ||
| 008 | 082120s2002 ||||||||||||||000 | spa|| | ||
| 040 | _cAR-BaBNM | ||
| 100 | 1 | _aWalsh, Septimio Tomás | |
| 245 | 0 | 0 |
_aEl quehacer educacional hoy _bseñalamientos a propósito de Educación y Proyecto de Vida |
| 260 |
_aBuenos Aires _bDocencia _c1986 |
||
| 300 | _a60 p. | ||
| 490 | 0 |
_aCongreso pedagógico. Compromiso y creatividad _vv. 32 |
|
| 500 | _aEn este libro se presentan una serie de notas publicadas en la revista CONSUDEC: CONSEJO SUPERIOR DE EDUCACION CATOLICA, desde fines de 1985 a mediados de agosto de 1986. Dichas notas refieren a la Primera Parte del Documento Educación y Proyecto de Vida | ||
| 610 | 2 | 4 | _aConsejo Superior de Educación Católica |
| 610 | 2 | 4 | _aConferencia Episcopal Argentina |
| 650 | 4 | _aIGLESIA Y EDUCACION | |
| 650 | 4 | _aESTADO Y EDUCACION | |
| 650 | 4 | _aFILOSOFIA DE LA EDUCACION | |
| 650 | 4 | _aEDUCACION RELIGIOSA | |
| 650 | 4 | _aEDUCACION CRISTIANA | |
| 650 | 4 | _aFINALIDADES DE LA EDUCACION | |
| 800 | 1 |
_aGómez de Mier, Eugenio _ecoordinador |
|
| 942 | _cBK | ||
| 998 | _cSILVI | ||
| 999 |
_c1733 _d1733 |
||